| 000 | 00575nam a2200169 i 4500 | ||
|---|---|---|---|
| 001 | 61052 | ||
| 003 | ES-MaACL | ||
| 005 | 20230906164345.0 | ||
| 007 | t| | ||
| 008 | 031110q1942 sp ||||1| spa d | ||
| 100 | 1 |
_aEstalella Graells, José ( _d1879-1938) _948004 |
|
| 245 | 1 | 0 |
_aCiencia recreativa _b: enigmas y problemas : observaciones y experimentos : trabajos de habilidad y paciencia / _cpor José Estalella. |
| 250 | _a3ª ed. | ||
| 260 |
_aBarcelona : _bGustavo Gili, _c[1942?] ( _fImp. Sadag) |
||
| 300 |
_a514 p. ; _c23 cm. |
||
| 852 |
_aES-MaACL _jF-16145 _bR.20962 |
||
| 999 |
_c61052 _d61052 |
||